000 01014nam0a22002291 4500
001 rc\3974074
005 20260406113239.0
035 _a(NLR Aleph) 007932970
090 _a8230398
_c8230398
100 _a20130415d1955 |||y0rusy50 ca
101 0 _arus
102 _aRU
105 _ay z |||||
200 1 _aТезисы докладов
_fМоск. вет. акад. М-ва высш. образ. СССР. Науч. конференция по физиологии и патофизиологии с.-х. животных
210 _aМосква
_cБ. и.
_d1955
215 _a28 с.
_d21
710 0 2 _aМосковская ветеринарная академия им. К. И. Скрябина
_bНаучная конференция по физиологии и патофизиологии сельскохозяйственных животных
_c1955
_9290880
_3RU\NLR\AUTH\889176
801 0 _aRU
_bNLR
_gpsbo
801 1 _aRU
_bELAR
_2rusmarc
852 _aNLR
_jЗ02 Г-4/891
942 _cBOOK
980 _aNB